|
|
|
|
| LEADER |
00000nam a2200000 a 4500 |
| 001 |
vtls009004468 |
| 003 |
SK-MaSNL |
| 005 |
20260301023251.0 |
| 008 |
240315s2007 xo al f 000 0 slo |
| 015 |
|
|
|a SNBA2007/10-04824
|
| 020 |
|
|
|a 9788071644293
|q (brož.)
|
| 035 |
|
|
|a 32CC2840-71A8-4719-9E20-2ABADE2DB4EB
|
| 035 |
|
|
|a urn:nbn:sk:snk-amjv79
|
| 035 |
|
|
|a urn:nbn:sk:snk-am0081ia
|
| 040 |
|
|
|a SNK
|b slo
|c SNK
|e AACR2
|
| 041 |
0 |
|
|a slo
|
| 044 |
|
|
|a xo
|c SK
|
| 072 |
|
7 |
|a 37
|x Výchova a vzdelávanie
|2 konspekt
|
| 080 |
|
|
|a 37.034
|2 2001
|
| 080 |
|
|
|a 373.3
|2 2001
|
| 080 |
|
|
|a (072)
|2 2001
|
| 100 |
1 |
|
|a Dubeňová, Eva
|4 aut
|9 315350
|
| 245 |
1 |
0 |
|a Zásobník aktivít pre etickú výchovu
|c Eva Dubeňová, Eva Líšková, Renáta Matúšková
|n 2. časť
|
| 250 |
|
|
|a 1. vyd.
|
| 260 |
|
|
|a Bratislava
|b Metodicko-pedagogické centrum Bratislavského kraja
|c 2007
|
| 300 |
|
|
|a 56 s., [12] s. tab. príl.
|b ilustr.
|c 29 cm
|
| 500 |
|
|
|a Vyd. v spolupráci s Učiteľským neinvestičným fondom
|
| 504 |
|
|
|a Bibliogr. s. 56
|
| 650 |
0 |
7 |
|a etická výchova
|2 SNKPH
|9 4075
|
| 650 |
0 |
7 |
|a Ethical education
|2 SNKPHeng
|9 265290
|
| 650 |
0 |
7 |
|a základné školy
|2 SNKPH
|9 1280
|
| 650 |
0 |
7 |
|a Elementary schools
|2 SNKPHeng
|9 265049
|
| 655 |
|
7 |
|a metodické príručky
|2 SNKPH
|9 70250
|
| 655 |
|
7 |
|a Methodological manuals
|2 SNKPHeng
|9 270866
|
| 700 |
1 |
|
|a Líšková, Eva
|4 aut
|9 23461
|
| 700 |
1 |
|
|a Matúšková, Renáta,
|d 1968-
|4 aut
|9 204729
|
| 919 |
|
|
|a 978-80-7164-429-3
|
| 958 |
|
|
|a NB
|
| 968 |
|
|
|d 37
|
| 999 |
|
|
|c 568868
|d 570798
|
| 952 |
|
|
|a SNK
|b SNK
|y PREZ
|7 0
|p 17A0555638
|o snkSB 72252/2
|i snk2007/16569
|8 0
|0 0
|1 0
|4 0
|d 2007-07-02
|l 0
|r 2025-04-25 00:00:00
|w 2026-02-23
|
| 952 |
|
|
|a SNK
|b SNK
|y VYP
|7 0
|p 17A7632966
|o snkSB 72252/2 D1
|i snk2007/16570
|8 0
|0 0
|1 0
|4 0
|d 2007-07-02
|l 0
|r 2016-06-30 00:00:00
|w 2026-02-23
|